Lišková, Marie. Slovník představitelů zemské samosprávy v Čechách v letech 1861-1913. - Praha. - 1994 [Rezension]
| Titel: | Lišková, Marie. Slovník představitelů zemské samosprávy v Čechách v letech 1861-1913. - Praha. - 1994 [Rezension] |
|---|---|
| Verfasser: | |
| In: |
Matice Moravská (Brünn): Časopis Matice Moravské, Band 113 (1994), Seite 390-392 alle Artikel anzeigen |
| Veröffentlicht: | 1994 |
| Format: | Aufsatz |
| Sprache: | Tschechisch |
X
alg: 39504442 001A $01999:12-11-16 001B $01999:04-08-21 $t21:03:00.000 001D $01999:12-11-16 001U $0utf8 001X $00 002@ $0Aox 003@ $0395044421 007A $0395044421 $aHEB 007T $0Herd31897 010@ $acze 011@ $a1994 021A $aLišková, Marie. Slovník představitelů zemské samosprávy v Čechách v letech 1861-1913. - Praha. - 1994 [Rezension] 028A $aJanák $dJan 031A $d113 $h390-392 $j1994 039B $aIn $8--Abvc--Matice Moravská$gBrünn [Tb1]. Časopis Matice Moravské. - Brno, 1869-. - ISSN 0323-052X $x199400001130000610 $9047461179 039T $8--Aax--Lišková, Marie. Slovník představitelů zemské samosprávy v Čechách v letech 1861-1913. - Praha, 1994. - 380 S. $9395375878 045F $a900.94371 $eDDC23BSB 045F/01 $a900 045F/03 $g4371 045T $a8 lok: 39504442 78 exp: 39504442 78 1 #EPN 201B/01 $026-11-17 $t03:55:23.000 201U/01 $0utf8 203@/01 $0791343030 208@/01 $a12-11-16 $be 209A/01 $a/ $f000 $x00 220C/01 $aTitelaufnehmer: ra 244Z/01 $#Tschechien $#Tschechische Republik $#Tschechische Republik $#Tschechenland $#Tschechei Tschechien $#Česká Republika $#Czech Republic $#ČR $74303381-7 $8--Tg1--Tschechien $x01 $9086659812 244Z/01 $2Trx $#Böhmen $#Bohemia $#Czechy $8--Trx--Čechy $x02 $9391188941 244Z/01 $2Trx $#arvustused $#recenzijos $#Reviews $#recenziók $#recenzje $#recenzie $#recenze $8--Trx--Rezensionen $x03 $9391357441 247C/01 $82080>Marburg/Lahn, Herder-Institut, Forschungsbibliothek, Bibliographieportal $9336309341
| LEADER | 00000caa a22000002c 4500 | ||
|---|---|---|---|
| 001 | 395044421 | ||
| 003 | DE-603 | ||
| 005 | 20210804210300.0 | ||
| 007 | tu | ||
| 008 | 161112s1994 xx |||| | u00||u|cze c | ||
| 035 | |a (DE-599)HEB395044421 | ||
| 040 | |a DE-603 |b ger |c DE-603 |d DE-603 | ||
| 041 | |a cze | ||
| 082 | 0 | 4 | |8 1\u |a 900.94371 |q DE-101 |2 23/BSB |
| 084 | |a 8 |2 ssgn | ||
| 085 | |8 1\u |b 900 | ||
| 085 | |8 1\u |z 2 |s 4371 | ||
| 100 | 1 | |a Janák, Jan | |
| 245 | 0 | 0 | |a Lišková, Marie. Slovník představitelů zemské samosprávy v Čechách v letech 1861-1913. - Praha. - 1994 [Rezension] |
| 264 | 0 | |c 1994 | |
| 773 | 0 | 8 | |i In |a Matice Moravská (Brünn) |t Časopis Matice Moravské |d Brno, 1869- |x 0323-052X |g Band 113 (1994), Seite 390-392 |w (DE-603)047461179 |w (DE-600)282647-1 |
| 787 | 0 | 8 | |i Rezension von |a Lišková, Marie |t Slovník představitelů zemské samosprávy v Čechách v letech 1861-1913 |d Praha, 1994 |h 380 S. |w (DE-603)395375878 |
| 924 | 0 | |9 2080 |a (DE-603)791343030 |b DE-2080 |c HES |d d |g / | |


